Datum a čas kvízu
34.5
Celkem bodů
Celkový počet nahraných bodů na tomto kvízu bez doplňovacích otázek.
5.
Pořadí na kvízu
Konečné umístění týmu na tomto kvízu.
Zaznamenané odpovědi
| # | Otázka | Odpověď | Body | Výsledky |
|---|---|---|---|---|
| 1. | Který český politik a lékař če... | Bohuslav Svoboda | 1 | |
| 2. | Humanoidní robot Muhammad na v... | osahával ženu | 1 | |
| 3. | Jak se nazývá soutěžní reality... | Peče celá země | 1 | |
| 4. | Automobilka Škoda představila... | Epiq | 1 | |
| 5. | K zajímavému hecování došlo v... | pizzu s ananasem | 1 | |
| 6. | Téma začneme v Evropě. Seřaďte... | 1B 2D 3A 4C | 1 | |
| 7. | V čele kterého ostrovního stát... | Kuba | 0 | |
| 8. | Které z těchto zvířat nežije p... | A | 1 | |
| 9. | Kolik ostrovních států se nach... | jeden | 0 | |
| 10. | Jak se jmenuje ostrovní stát,... | Tonga | 0 |